000 00562nam a2200181 i 4500
001 99630
003 ES-MaACL
005 20230906182529.0
007 t|
008 050914s1981 sp ||||1| spa d
100 1 _aMartínez Alvarez, J. A.
_977849
245 1 0 _aMapas geológicos
_b: explicación e interpretación /
_cJ. A. Martínez-Alvarez.
250 _a2ª ed. amp.
260 _aMadrid :
_bParaninfo,
_c1981.
300 _a259 p. :
_b5 gráf. pleg., il. ;
_c24 cm.
650 4 _aCartografía geológica.
_9169075
852 _aES-MaACL
_jL-357
_bR.101250
999 _c99630
_d99630